Statistieken voor Vlaggen van Zuid-Amerika

Klik hier om de quiz te nemen!

Algemene statistieken

  • Deze quiz is 295 keer genomen
  • De gemiddelde score is 11 van 12

Antwoordstatistieken

Antwoord% Correct
Brazilië
100%
Argentinië
99%
Chili
94%
Colombia
94%
Uruguay
94%
Ecuador
91%
Venezuela
90%
Peru
87%
Paraguay
86%
Suriname
86%
Bolivia
79%
Guyana
77%

Scoreverdeling

Percentiel versus Aantal Correcte Antwoorden

Procent van Mensen met Elke Score

Uw Scoregeschiedenis

U heeft deze quiz nog niet genomen